000 00273nam a22001217a 4500
008 170929b xxu||||| |||| 00| 0 eng d
041 _aeng
080 _a37
100 _a47
101 _aEDU
245 _aTHE ST.MARTIN'S GUIDE TO WRITING
_cAXELROD, R.B
942 _2udc
_cBK
999 _c30654
_d30654